Ce qu'il en reste (notice n° 8994)

détails MARC
000 -Label
leader 01503cam a2200253 4500
010 ## - ISBN
ISBN 9782958847616
099 ## - Informations locales
Type de document Livre
100 ## - Données générales de traitement
a 20240723d2024 m y0frey50 ba
101 0# - Langue
langue document français
102 ## - Pays d'édition ou de production
pays d'édition France
200 1# - Titre
titre propre Ce qu'il en reste
type de document Livre
sous-titre Villegailhenc, Trèbes, Saint-Hilaire
auteur Viviane Dalles
210 ## - Editeur
lieu de publication France
nom de l'éditeur Ad.édition-L'Atelier, La Bécède Basse, Valleraugue
date de publication 2024
215 ## - Description
Importance matérielle 1 vol (93 p.)
autres carac. ill. en coul.
format 24,5 cm
330 ## - Résumé
Résumé 15 octobre 2018, une crue exceptionnelle s'abat sur 257 communes de l'Aude. Ces intempéries figurent parmi les plus violentes et dévastatrices depuis une dizaine d'années en France. C'est, par définition, une catastrophe naturelle. La photographe Viviane Dalles a rencontré les habitants de trois de ces communes sinistrées : Villegailhenc, Trèbes, Saint-Hilaire. En recueillant leur histoire, c'est notre histoire contemporaine qui s'inscrit dans le temps, c'est préserver l'invisible et permettre aux générations suivantes de comprendre ce qu'il en reste.
606 ## - sujets
numéro de la notice d'autorité 11971317
sujet Inondations
numéro de la notice d'autorité 11940276
subdiv. géo. Aude (France)
numéro de la notice d'autorité 12432924
subdiv. chrono. 1990-2020
koha internal code 24060
subdiv. sujet Photographies
606 ## - sujets
numéro de la notice d'autorité 11962063
sujet Victimes de catastrophes
numéro de la notice d'autorité 11940276
subdiv. géo. Aude (France)
numéro de la notice d'autorité 12432924
subdiv. chrono. 1990-2020
koha internal code 24061
700 ## - Auteur
N° autorité 15796989
auteur Dalles
prénom Viviane
code de fonction Auteur
koha internal code 24062
701 ## - coauteur
code de fonction Conception Graphique
nom Martin-Célo
prénom Line
koha internal code 24063
701 ## - coauteur
code de fonction Photographe
nom Les Artisans du regard
koha internal code 24064
801 #0 - source de catalogage
pays FR
agence de catalogage FR-751131015
date de la transaction 20240723
règles de catalogage utilisées AFNOR
801 #0 - source de catalogage
pays TN
agence de catalogage 32BIS
830 ## - note
catalogeur MS
Exemplaires
Propriétaire Dépositaire Localisation Code barre Numéro Inventaire Cote Note Statut
The 32bis Library The 32bis Library Salle de lecture 32BIS 006800 6728 779 DAL Don Imen Bahri Consultable sur place
32 bis, rue Ben Ghedhahem 1000 Tunis - Tunisie www.32bis.org
Contact : mediatheque@32bis.org